| 000 | 00529nam a2200181Ia 4500 | ||
|---|---|---|---|
| 008 | 090630s9999 xx 000 0 und d | ||
| 082 | _b7015 | ||
| 100 | _aजोशी चि. वि. | ||
| 245 |
_aसंचार. _cजोशी चि. वि. |
||
| 260 |
_bकॉन्टीनेंटल. _c1982 |
||
| 300 | _a151 | ||
| 600 | _aजोशी चि. वि. | ||
| 630 | _aसंचार. | ||
| 655 | _aप्रवास. | ||
| 700 | _aजोशी चि. वि. | ||
| 730 | _aसंचार. | ||
| 942 | _cBOOK | ||
| 999 |
_c258871 _d258871 |
||